Australia State Badges - Statistics

General Stats
  • This quiz has been taken 23 times
  • The average score is 5 of 6
Answer Stats
Picture Answer % Correct
Queensland
100%
New South Wales
94%
Tasmania
94%
South Australia
89%
Western Australia
89%
Victoria
78%
No matching quizzes found
Score Distribution
Percent of People with Each Score
Percentile by Number Answered
Your Score History
You have not taken this quiz